[Event "Arco op 32nd"]
[Site "Arco"]
[Date "2010.10.24"]
[Round "9"]
[White "Kern, Beat"]
[Black "Marini, Lucio"]
[Result "1/2-1/2"]
[WhiteElo "1668"]
[BlackElo "1883"]
[PlyCount "86"]
[EventDate "2010.10.16"]
[EventType "swiss"]
[EventRounds "9"]
[EventCountry "ITA"]
[SourceTitle "EXT 2024"]
[Source "ChessBase"]
[SourceDate "2023.10.10"]
[SourceVersion "1"]
[SourceVersionDate "2023.10.10"]
[SourceQuality "1"]

1. g3 c5 2. c4 Nc6 3. Bg2 d6 4. Nc3 g6 5. Nf3 Bg7 6. 0-0 e6 7. d3 Nge7 8. Rb1 0-0 9. a3 d5 10. cxd5 exd5 11. e4 d4 12. Ne2 a5 13. Qc2 b6 14. Bg5 f6 15. Qb3+ Kh8 16. Bd2 Ra7 17. Nf4 Ne5 18. Nxe5 fxe5 19. Ne6 Bxe6 20. Qxe6 Nc8 21. f4 Re7 22. Qb3 Bh6 23. Rf2 Qd6 24. Rbf1 Qe6 25. Qxe6 Rxe6 26. Bh3 Ref6 27. Rf3 Nd6 28. Kg2 Nf7 29. b3 Nd6 30. Bg4 Bg7 31. fxe5 Rxf3 32. Rxf3 Rxf3 33. Kxf3 Bxe5 34. Be6 Kg7 35. h3 Nb5 36. a4 Nd6 37. Bc4 h6 38. g4 g5 39. Bc1 Nxc4 40. bxc4 Kg6 41. Bd2 Kf6 42. Bc1 Ke6 43. Bd2 Kf7 1/2-1/2

[Event "Arco op 32nd"]
[Site "Arco"]
[Date "2010.10.23"]
[Round "8"]
[White "Marini, Lucio"]
[Black "Sprea, Giuseppe"]
[Result "0-1"]
[WhiteElo "1883"]
[BlackElo "1982"]
[PlyCount "63"]
[EventDate "2010.10.16"]
[EventType "swiss"]
[EventRounds "9"]
[EventCountry "ITA"]
[SourceTitle "EXT 2024"]
[Source "ChessBase"]
[SourceDate "2023.10.10"]
[SourceVersion "1"]
[SourceVersionDate "2023.10.10"]
[SourceQuality "1"]

1. d4 Nf6 2. c4 e6 3. Nf3 b6 4. a3 Bb7 5. Nc3 d5 6. Qc2 Be7 7. e3 0-0 8. Be2 Nbd7 9. 0-0 c5 10. Rd1 Rc8 11. cxd5 exd5 12. dxc5 bxc5 13. Qf5 Qc7 14. a4 a6 15. h4 Qd6 16. e4 Qe6 17. Qxe6 fxe6 18. Ng5 d4 19. Na2 Nxe4 20. Nxe4 Bxe4 21. Bxa6 Ra8 22. Bc4 Bf5 23. Re1 Bxh4 24. Rxe6 Bxf2+ 25. Kh1 Kh8 26. Re2 Bg3 27. Bd2 Rxa4 28. b3 Rxa2 29. Rxa2 Bb1 30. Re7 Bxa2 31. Rxd7 Bxb3 32. Be2 0-1

[Event "Arco op 32nd"]
[Site "Arco"]
[Date "2010.10.22"]
[Round "7"]
[White "Thonig, Manfred"]
[Black "Marini, Lucio"]
[Result "0-1"]
[WhiteElo "1607"]
[BlackElo "1883"]
[PlyCount "65"]
[EventDate "2010.10.16"]
[EventType "swiss"]
[EventRounds "9"]
[EventCountry "ITA"]
[SourceTitle "EXT 2024"]
[Source "ChessBase"]
[SourceDate "2023.10.10"]
[SourceVersion "1"]
[SourceVersionDate "2023.10.10"]
[SourceQuality "1"]

1. f4 Nf6 2. Nf3 g6 3. e3 Bg7 4. d4 d6 5. c4 c6 6. Nc3 Bf5 7. Bd3 Qd7 8. 0-0 Bxd3 9. Qxd3 d5 10. c5 Qf5 11. Qxf5 gxf5 12. Nh4 e6 13. Nf3 Nbd7 14. Ne5 h5 15. b4 a6 16. a4 Ke7 17. Rf3 Ne4 18. Ne2 Bf6 19. Rh3 h4 20. Ra3 Bxe5 21. dxe5 a5 22. Nd4 axb4 23. Ra1 Ndxc5 24. a5 Kd7 25. Rf3 Rhg8 26. Kf1 Rg4 27. Rh3 Rag8 28. Ra2 Nc3 29. Rc2 Ra8 30. Bd2 Rxa5 31. Bxc3 bxc3 32. Rxc3 Ra1+ 33. Kf2 0-1

[Event "Arco op 32nd"]
[Site "Arco"]
[Date "2010.10.18"]
[Round "3"]
[White "Bonagura, Stefano"]
[Black "Marini, Lucio"]
[Result "1-0"]
[WhiteElo "2130"]
[BlackElo "1883"]
[PlyCount "113"]
[EventDate "2010.10.16"]
[EventType "swiss"]
[EventRounds "9"]
[EventCountry "ITA"]
[SourceTitle "EXT 2024"]
[Source "ChessBase"]
[SourceDate "2023.10.10"]
[SourceVersion "1"]
[SourceVersionDate "2023.10.10"]
[SourceQuality "1"]

1. c4 Nf6 2. g3 g6 3. Nc3 Bg7 4. Bg2 d6 5. d3 c5 6. e3 0-0 7. Nge2 Nc6 8. 0-0 Be6 9. h3 Qc8 10. Kh2 Rb8 11. b3 a6 12. d4 Bd7 13. Bb2 b6 14. Rc1 h6 15. Ba1 g5 16. Nd5 Nh7 17. dxc5 bxc5 18. Bxg7 Kxg7 19. Qd2 Qd8 20. Rcd1 a5 21. f4 f6 22. e4 e5 23. fxe5 fxe5 24. Rxf8 Qxf8 25. Rf1 Qd8 26. g4 Nd4 27. Ng3 Be8 28. Nf5+ Kh8 29. Nxh6 Rb7 30. Nf5 Bg6 31. Nc3 Rd7 32. Nb5 Nf8 33. Ne3 Nfe6 34. Nd5 Nf4 35. Nxd4 cxd4 36. Nxf4 gxf4 37. Qe1 Rh7 38. a3 Qb6 39. b4 axb4 40. Qxb4 Qxb4 41. axb4 Rb7 42. b5 Bf7 43. Rc1 Be6 44. Bf1 Kg7 45. Ra1 Kf6 46. Ra6 Ke7 47. Kg2 Bd7 48. Kf3 Be8 49. h4 Bf7 50. h5 Be8 51. Bd3 Bd7 52. g5 Rb8 53. h6 Be8 54. Ra7+ Ke6 55. Bf1 Bh5+ 56. Kf2 Bg4 57. h7 1-0

[Event "Arco op 32nd"]
[Site "Arco"]
[Date "2010.10.17"]
[Round "2"]
[White "Marini, Lucio"]
[Black "Schuetzler, Bernd"]
[Result "1-0"]
[WhiteElo "1883"]
[BlackElo "1707"]
[PlyCount "85"]
[EventDate "2010.10.16"]
[EventType "swiss"]
[EventRounds "9"]
[EventCountry "ITA"]
[SourceTitle "EXT 2024"]
[Source "ChessBase"]
[SourceDate "2023.10.10"]
[SourceVersion "1"]
[SourceVersionDate "2023.10.10"]
[SourceQuality "1"]

1. d4 d5 2. c4 Nc6 3. Nf3 Bg4 4. e3 e6 5. Be2 dxc4 6. 0-0 Nf6 7. Qc2 b5 8. a4 a6 9. b3 Nb4 10. Qd1 cxb3 11. Qxb3 c6 12. Bd2 Nbd5 13. Rc1 Bxf3 14. Bxf3 b4 15. a5 Qc7 16. e4 Ne7 17. g3 e5 18. d5 c5 19. Be3 Ng6 20. Nd2 Rb8 21. Nc4 Be7 22. Rd1 Bd6 23. h4 h6 24. Rac1 Nd7 25. Bg4 Rb5 26. h5 Ne7 27. Ra1 0-0 28. Be2 Rbb8 29. g4 Rfd8 30. Kg2 Nf6 31. Bf3 Kh7 32. Rh1 Rh8 33. g5 Nd7 34. Bg4 Rbg8 35. Kf3 Rf8 36. Ke2 Ng8 37. Qa4 Rd8 38. Rag1 Nf8 39. Qb3 Be7 40. Qb2 Bd6 41. Bf5+ g6 42. gxh6 gxf5 43. Rg7# 1-0

[Event "Arco op 31st"]
[Site "Arco"]
[Date "2009.10.23"]
[Round "7"]
[White "Casagrande, Fabio"]
[Black "Marini, Lucio"]
[Result "1-0"]
[WhiteElo "2011"]
[BlackElo "1884"]
[PlyCount "79"]
[EventDate "2009.10.17"]
[EventType "swiss"]
[EventRounds "9"]
[EventCountry "ITA"]
[SourceTitle "EXT 2010"]
[Source "ChessBase"]
[SourceDate "2010.11.25"]
[SourceVersion "1"]
[SourceVersionDate "2010.11.25"]
[SourceQuality "1"]

1. e4 c5 2. c3 g6 3. d4 cxd4 4. cxd4 d5 5. e5 Nc6 6. Nc3 Nh6 7. Bb5 e6 8. Nf3 Nf5 9. Bg5 Be7 10. Bxe7 Qxe7 11. a3 h5 12. h4 0-0 13. Bxc6 bxc6 14. Na4 Rb8 15. b4 Ba6 16. Nc5 Bc4 17. Qd2 Kg7 18. Qg5 Rfe8 19. Qxe7 Rxe7 20. Kd2 Kg8 21. Kc3 Ree8 22. Ng5 Nh6 23. f3 Kg7 24. Rag1 a5 25. bxa5 Ra8 26. g4 hxg4 27. fxg4 Rxa5 28. a4 Be2 29. h5 Ra7 30. Rh2 Bxg4 31. hxg6 Kxg6 32. Nh3 f5 33. exf6 Kxf6 34. Nf2 Kg5 35. Rhg2 Kf5 36. Nxg4 Nxg4 37. Rxg4 Rh7 38. R4g3 Kf6 39. Rf1+ Ke7 40. Re1 1-0

[Event "Arco op 31st"]
[Site "Arco"]
[Date "2009.10.20"]
[Round "5"]
[White "Traversi, Carlo"]
[Black "Marini, Lucio"]
[Result "0-1"]
[WhiteElo "1725"]
[BlackElo "1884"]
[PlyCount "68"]
[EventDate "2009.10.17"]
[EventType "swiss"]
[EventRounds "9"]
[EventCountry "ITA"]
[SourceTitle "EXT 2010"]
[Source "ChessBase"]
[SourceDate "2010.11.25"]
[SourceVersion "1"]
[SourceVersionDate "2010.11.25"]
[SourceQuality "1"]

1. e4 c5 2. g3 d5 3. Bg2 dxe4 4. Bxe4 Nf6 5. Bg2 Nc6 6. Nf3 Bg4 7. d3 e6 8. 0-0 Be7 9. a3 0-0 10. Qe1 Qc7 11. Bf4 Qb6 12. Qc1 Nd5 13. Bd2 Bf6 14. Nc3 Rac8 15. Rb1 Qd8 16. Ne4 Nd4 17. Nxf6+ Qxf6 18. Nxd4 cxd4 19. Bg5 Qf5 20. Be4 Qe5 21. c4 dxc3 22. bxc3 Nxc3 23. Qe3 Nxb1 24. Bxh7+ Kxh7 25. Qxe5 Nc3 26. Bd2 Nd5 27. Rc1 Rxc1+ 28. Bxc1 Rc8 29. Bb2 f6 30. Qd4 Bf3 31. Kf1 Rc2 32. Ke1 Re2+ 33. Kf1 Rd2 34. Bc3 Nxc3 0-1

[Event "Arco op 31st"]
[Site "Arco"]
[Date "2009.10.18"]
[Round "2"]
[White "Marini, Lucio"]
[Black "Russo, Carmelo"]
[Result "1/2-1/2"]
[WhiteElo "1884"]
[BlackElo "1733"]
[PlyCount "141"]
[EventDate "2009.10.17"]
[EventType "swiss"]
[EventRounds "9"]
[EventCountry "ITA"]
[SourceTitle "EXT 2010"]
[Source "ChessBase"]
[SourceDate "2010.11.25"]
[SourceVersion "1"]
[SourceVersionDate "2010.11.25"]
[SourceQuality "1"]

1. d4 Nf6 2. c4 g6 3. Nc3 d5 4. Bg5 c6 5. e3 Bg7 6. Bd3 0-0 7. Nge2 Re8 8. 0-0 e5 9. cxd5 cxd5 10. dxe5 Rxe5 11. Bf4 Re8 12. Nb5 Na6 13. Ned4 Bf8 14. Rc1 Bg4 15. f3 Be6 16. Bg3 Nh5 17. Bf2 Bd7 18. Be2 Nc5 19. Nc3 Be6 20. Bb5 Bd7 21. Be2 Be6 22. b4 Nd7 23. Qb3 Nb6 24. Nxe6 Rxe6 25. Rfd1 Qe7 26. Nxd5 Nxd5 27. Rxd5 Qxb4 28. Qxb4 Bxb4 29. Rb1 Nf6 30. Rb5 Bd2 31. e4 b6 32. Bc4 Ree8 33. e5 Rac8 34. Bb3 Nh5 35. Rd1 Rc1 36. Rxc1 Bxc1 37. g3 Ng7 38. Rd5 Kf8 39. Rd7 Re7 40. Rd5 Ne6 41. Kg2 Bb2 42. Be3 Nc7 43. Bh6+ Kg8 44. Rd8+ Re8 45. Rd7 Ne6 46. Rxa7 Bxe5 47. Be3 Rb8 48. f4 Bf6 49. Bd5 Bd8 50. g4 Nc7 51. Bb3 b5 52. Kf3 Kf8 53. Bd4 Rc8 54. Rb7 Be7 55. Be5 Bd8 56. Bxc7 Rxc7 57. Rxb5 Rc3+ 58. Kg2 Re3 59. Rb7 Be7 60. f5 gxf5 61. gxf5 f6 62. Be6 Re2+ 63. Kh3 Rd2 64. Rb8+ Kg7 65. Rg8+ Kh6 66. Re8 Bd6 67. Kg4 Rxh2 68. Rd8 Rg2+ 69. Kf3 Rg3+ 70. Kf2 Be5 71. Rd7 1/2-1/2

[Event "Arco op 28th"]
[Site "Arco"]
[Date "2006.10.27"]
[Round "7"]
[White "Barlotti, Gabriele"]
[Black "Marini, Lucio"]
[Result "0-1"]
[WhiteElo "1676"]
[BlackElo "1902"]
[PlyCount "80"]
[EventDate "2006.10.21"]
[EventType "swiss"]
[EventRounds "9"]
[EventCountry "ITA"]
[SourceTitle "EXT 2007"]
[Source "ChessBase"]
[SourceDate "2006.11.23"]
[SourceVersion "1"]
[SourceVersionDate "2006.11.23"]
[SourceQuality "1"]

1. d4 Nf6 2. c4 e6 3. Nc3 Bb4 4. e3 0-0 5. Nf3 b6 6. a3 Bxc3+ 7. bxc3 Nc6 8. Bd3 d6 9. 0-0 Ba6 10. Qa4 Na5 11. Rd1 Qd7 12. Qb4 Kh8 13. d5 e5 14. e4 Rae8 15. Bg5 Ng8 16. Re1 g6 17. Rad1 f5 18. Be3 f4 19. Bc1 Qe7 20. Qa4 g5 21. c5 Bxd3 22. cxd6 cxd6 23. Rxd3 g4 24. Nd2 Rc8 25. Bb2 Qc7 26. Qc2 Qc5 27. Rf1 Rf7 28. Nb3 Nxb3 29. Qxb3 Nf6 30. Qb4 Qxb4 31. cxb4 Nxe4 32. Re1 Ng5 33. Bc1 Rfc7 34. Rdd1 Rc2 35. Kf1 R8c4 36. Bd2 Ne4 37. Re2 f3 38. gxf3 gxf3 39. Rxe4 Rxe4 40. Be3 Rh4 0-1

[Event "Salsomaggiore Terme op"]
[Site "Salsomaggiore Terme"]
[Date "2006.05.13"]
[Round "3"]
[White "Marini, Lucio"]
[Black "Rezzuti, Vincenzo"]
[Result "0-1"]
[WhiteElo "1914"]
[BlackElo "2079"]
[PlyCount "57"]
[EventDate "2006.05.12"]
[EventType "swiss"]
[EventRounds "6"]
[EventCountry "ITA"]
[SourceTitle "EXT 2007"]
[Source "ChessBase"]
[SourceDate "2006.11.23"]
[SourceVersion "1"]
[SourceVersionDate "2006.11.23"]
[SourceQuality "1"]

1. d4 d5 2. c4 e6 3. Nc3 c5 4. e3 Nf6 5. Nf3 Nc6 6. Be2 Be7 7. 0-0 0-0 8. Re1 a6 9. cxd5 exd5 10. dxc5 Bxc5 11. Na4 Ba7 12. Qc2 Qe7 13. Rd1 Be6 14. b3 Rac8 15. Qb2 Nb4 16. Rd2 Ne4 17. Rd4 Nc2 18. Rb1 Nxd4 19. Nxd4 b5 20. Nxb5 axb5 21. Bxb5 Qf6 22. Qe2 Nc3 23. Nxc3 Qxc3 24. Ba3 Rfd8 25. Kf1 Qc2 26. Rc1 Qxc1+ 27. Bxc1 Rxc1+ 28. Qe1 Rxe1+ 29. Kxe1 0-1

[Event "Salsomaggiore Terme op"]
[Site "Salsomaggiore Terme"]
[Date "2006.05.12"]
[Round "1"]
[White "Rombaldoni, Axel"]
[Black "Marini, Lucio"]
[Result "1-0"]
[WhiteElo "2160"]
[BlackElo "1914"]
[PlyCount "63"]
[EventDate "2006.05.12"]
[EventType "swiss"]
[EventRounds "6"]
[EventCountry "ITA"]
[SourceTitle "EXT 2007"]
[Source "ChessBase"]
[SourceDate "2006.11.23"]
[SourceVersion "1"]
[SourceVersionDate "2006.11.23"]
[SourceQuality "1"]

1. e4 e6 2. d4 d5 3. Nc3 Nf6 4. Bg5 dxe4 5. Nxe4 Be7 6. Bxf6 Bxf6 7. c3 Be7 8. Bd3 b6 9. Qf3 c6 10. h4 Ba6 11. Ng5 Bxg5 12. Bxa6 Be7 13. Bb7 Nd7 14. Bxa8 Qxa8 15. Nh3 Nf6 16. Nf4 0-0 17. g4 Nd5 18. Nd3 Qd8 19. 0-0-0 Qc7 20. c4 Nb4 21. Nxb4 Bxb4 22. a3 Be7 23. Qe4 b5 24. c5 a5 25. b3 Rd8 26. f4 Rd5 27. g5 Qd7 28. Rhe1 Rf5 29. h5 Kf8 30. g6 Rxh5 31. gxh7 g6 32. Rh1 1-0

[Event "Cattolica op"]
[Site "Cattolica"]
[Date "2005.06.17"]
[Round "7"]
[White "Marini, Lucio"]
[Black "Rocchetti, Marco"]
[Result "0-1"]
[WhiteElo "1527"]
[BlackElo "1937"]
[PlyCount "46"]
[EventDate "2005.06.11"]
[EventType "swiss"]
[EventRounds "9"]
[EventCountry "ITA"]
[SourceTitle "EXT 2007"]
[Source "ChessBase"]
[SourceDate "2006.11.23"]
[SourceVersion "1"]
[SourceVersionDate "2006.11.23"]
[SourceQuality "1"]

1. d4 d6 2. c4 e5 3. Nc3 exd4 4. Qxd4 Nc6 5. Qd1 g6 6. e4 Bg7 7. Be3 Nge7 8. Nge2 0-0 9. Nf4 f5 10. Bd3 fxe4 11. Bxe4 Nf5 12. Bxf5 Bxf5 13. 0-0 Qh4 14. g3 Qf6 15. Nfd5 Qf7 16. Qd2 Ne5 17. f3 Bh3 18. Rf2 Nxf3+ 19. Rxf3 Qxf3 20. Nf4 Rxf4 21. gxf4 Bxc3 22. bxc3 Re8 23. Re1 Rxe3 0-1

[Event "Cattolica op"]
[Site "Cattolica"]
[Date "2005.06.12"]
[Round "2"]
[White "Marini, Lucio"]
[Black "Orfei, Rolando"]
[Result "0-1"]
[WhiteElo "1527"]
[BlackElo "1943"]
[PlyCount "68"]
[EventDate "2005.06.11"]
[EventType "swiss"]
[EventRounds "9"]
[EventCountry "ITA"]
[SourceTitle "EXT 2007"]
[Source "ChessBase"]
[SourceDate "2006.11.23"]
[SourceVersion "1"]
[SourceVersionDate "2006.11.23"]
[SourceQuality "1"]

1. d4 Nf6 2. c4 c5 3. Nf3 e6 4. Nc3 cxd4 5. Nxd4 Nc6 6. a3 a6 7. e4 d6 8. Be2 Be7 9. Be3 0-0 10. 0-0 Qc7 11. f4 Re8 12. Kh1 Bf8 13. g4 Nxd4 14. Bxd4 e5 15. fxe5 dxe5 16. Be3 Qc6 17. g5 Nxe4 18. Bf3 Bf5 19. Qc2 Ng3+ 20. hxg3 Qxf3+ 21. Rxf3 Bxc2 22. Bb6 Bb3 23. c5 Rac8 24. Kh2 Bxc5 25. Bxc5 Rxc5 26. Re1 Kf8 27. Re4 Bd5 28. Nxd5 Rxd5 29. Rb3 b5 30. Kg2 f5 31. gxf6 gxf6 32. g4 Kg7 33. Kg3 Red8 34. Rf3 Rd3 0-1

[Event "Cattolica op"]
[Site "Cattolica"]
[Date "2005.06.11"]
[Round "1"]
[White "Pircher, Karl"]
[Black "Marini, Lucio"]
[Result "1/2-1/2"]
[WhiteElo "2037"]
[BlackElo "1527"]
[PlyCount "88"]
[EventDate "2005.06.11"]
[EventType "swiss"]
[EventRounds "9"]
[EventCountry "ITA"]
[SourceTitle "EXT 2007"]
[Source "ChessBase"]
[SourceDate "2006.11.23"]
[SourceVersion "1"]
[SourceVersionDate "2006.11.23"]
[SourceQuality "1"]

1. d4 Nf6 2. c4 e6 3. Nc3 Bb4 4. Qc2 d5 5. e3 0-0 6. a3 Be7 7. Nf3 c6 8. Bd3 dxc4 9. Bxc4 Nbd7 10. e4 Re8 11. 0-0 Qc7 12. e5 Nd5 13. Bd3 Nf8 14. Ne4 h6 15. Bd2 a5 16. Rac1 Bd7 17. Rfd1 Red8 18. Qb3 Qb6 19. Qa2 Be8 20. Nc5 Nd7 21. Ne4 Qa7 22. Nc3 N7b6 23. Ne4 Rac8 24. Nc5 Nd7 25. Ne4 c5 26. dxc5 Nxc5 27. Nxc5 Rxc5 28. Be4 Rxc1 29. Rxc1 Bc5 30. Be1 Nf4 31. Qc4 Rc8 32. Kh1 b5 33. Qf1 Rd8 34. g3 Nd5 35. Bxa5 Bb6 36. Bxb6 Nxb6 37. Qe2 Qa4 38. Kg2 b4 39. axb4 Qxb4 40. Rc7 Rb8 41. Rc2 Na4 42. Qe3 Nxb2 43. Qd4 Qxd4 44. Nxd4 g6 1/2-1/2